Muž, ktorý musí zmeniť Čínu

Nový čínsky boss musí byť pripravený rozísť sa z minulosťou. Predpovede dopadov jeho politickej reformy na krajinu.

Gespeichert in:
Bibliographische Detailangaben
Format: Buchkapitel
Sprache:Slowakisch
Schlagworte:
Tags: Tag hinzufügen
Keine Tags, Fügen Sie das erste Tag hinzu!

MARC

LEADER 00000naa a2200000 4500
001 0161697
005 20231113080548.8
041 0 |a slo 
044 |a SK 
245 1 0 |a Muž, ktorý musí zmeniť Čínu 
520 |a Nový čínsky boss musí byť pripravený rozísť sa z minulosťou. Predpovede dopadov jeho politickej reformy na krajinu. 
610 2 0 |a Čína 
610 2 0 |a prezidenti 
610 2 0 |a reformy 
610 2 0 |a vývoj politický